Teorija verojatnostej i matematičeskaja statistika /

Salvato in:
Dettagli Bibliografici
Autori principali: Skorochod, Anatolij Vladimirovič (Autore), Gichman, Iosif I (Autore), Jadrenko, M.I (Autore)
Natura: Libro
Lingua:russo
Pubblicazione: Kijev : Vyšča škola, 1979
Soggetti:
Tags: Aggiungi Tag
Nessun Tag, puoi essere il primo ad aggiungerne!!

MARC

LEADER 00000nam a22000003a 4500
001 stu36424
005 20150617225727.8
008 920603s1979----xxr-----------------rus-d
040 |a STU  |b slo 
041 0 |a rus 
044 |a xxr 
080 |a 519.21 
080 |a 519.22 
100 1 |a Skorochod, Anatolij Vladimirovič  |4 aut 
245 1 |a Teorija verojatnostej i matematičeskaja statistika /  |c [aut.]I.I. Gichman, A.V. Skorochod, M.I. Jadrenko 
260 |a Kijev :  |b Vyšča škola,  |c 1979 
300 |a 407 s 
650 7 |a pravdepodobnosť  |2 stusub 
650 7 |a štatistika matematická  |2 stusub 
700 1 |a Gichman, Iosif I  |4 aut 
700 1 |a Jadrenko, M.I  |4 aut 
996 |b 284M012287  |c M*6299-1  |l MMKN  |s A  |a 24  |w stu36424_0001